Normal view
MARC view
- ابو رية، إيناس مصطفى محمود
Entry Personal Name
001 - CONTROL NUMBER
- control field: 64437
003 - CONTROL NUMBER IDENTIFIER
- control field: JO-AjAnu
005 - DATE AND TIME OF LATEST TRANSACTION
- control field: 20230606084522.0
008 - FIXED-LENGTH DATA ELEMENTS
- fixed length control field: 230606|| aca||aabn | a|a d
040 ## - CATALOGING SOURCE
- Original cataloging agency: JO-AjAnu
- Transcribing agency: JO-AjAnu
100 ## - HEADING--PERSONAL NAME
- Personal name: ابو رية، إيناس مصطفى محمود
670 ## - SOURCE DATA FOUND
- Source citation: Work cat.: (JO-AjAnu)32934: ابو رية، إيناس مصطفى محمود, author, المسئولية الدولية عن زراعة الألغام في ضوء احكام القانون الدولي والانساني